The Middle Cast Quiz Stats

 Plays Quiz not verified by Sporcle

Score 0/5 Timer 01:00
0 Plays Today
Real Names Set Name % Correct
Atticus ShafferBrick
98.7%
Eden SherSue
98.1%
Charlie McDermottAxl
96.2%
Patricia HeatonFrankie
95.6%
Niel FlynnMike
94.3%

You're not logged in!

Compare scores with friends on all Sporcle quizzes.
OR
Log In

Show Comments

Extras

Top Quizzes Today


Score Distribution

Your Account Isn't Verified!

In order to create a playlist on Sporcle, you need to verify the email address you used during registration. Go to your Sporcle Settings to finish the process.

Report this User

Report this user for behavior that violates our Community Guidelines.

Details: